000 00441nam a2200181Ia 4500
003 OSt
005 20260312141156.0
008 250729s2007 xx 000 0 und d
040 _cAL
041 _akan
082 _a494.507 KONB
100 _aDr.N.B .Kongawada
_9230063
245 _aBhashe mattu kannada bhodhane
260 _aGadaga
_bVidhyanidhi Prakashan
_c2007
300 _a540p
650 _aKannada
_9230064
942 _2ddc
_cBED
999 _c238594
_d238594